000 01240nam a22002417a 4500
005 20230714092504.0
008 230714b ||||| |||| 00| 0 eng d
020 _a9780803991408
040 _cAL
041 _aeng
082 _223
_a954.035
_bOMVD
100 _aGail Omvedt
_9126829
245 _aDalits and the Democratic Revolution
260 _aNew Delhi
_bSage Publications
_c1994
300 _a348p.
_bPB
_c22x14cm.
365 _2History
_b175.00
_c
_d175.00
520 _aThis important book traces the history of the Dalit movement from its beginning in the 19th century to the death of its most famous leader, B.R. Ambedkar, in 1956. Focusing on three states―Andhra,Maharashtra and Karnataka―Dr Omvedt analyses the ideology and organization of the movement and its interaction both with the freedom struggle(particularly with Gandhi and Gandhism) and the `class` struggles of the workers and peasants (and their dominant ideology-Marxism). She also provides a historical account of the origin and development of the caste system.
650 _aUntouchables India
_9126816
650 _aAmbedkar Bhimrao Ramji
_9126817
650 _aPolitical Activity
_9126818
700 _aOMVEDT (Gail)
_9126819
942 _2ddc
_cDB
999 _c227858
_d227858